The CSIRO macro key for hardwood identification /

Bibliographic Details
Main Author: Ilic, J. (Jugoslav), 1950-
Corporate Author: Commonwealth Scientific and Industrial Research Organization (Australia). Division of Forest Products
Format: Book
Language:English
Published: Highett, Victoria, Australia : Division of Forestry and Forest Products, CSIRO, [1990]
Subjects:

MARC

Tag First Indicator Second Indicator Subfields
LEADER 00000cam a2200000 a 4500
001 in00004498430
005 20191203131108.0
008 901128s1990 at a b 00010 eng d
020 |a 0643050582 
035 |a (OCoLC)22745081 
035 |9 AFE6469AM 
035 |a 1171935 
035 |z (UtOrBLW)35935 
035 |a 52518 
040 |a NRC  |c NRC  |d AGL  |d TXA  |d UtOrBLW 
049 |a TXAM 
060 4 |a SD 397.H3  |b I28c 1990 
070 0 |a SD397.H3I44 
072 0 |a F700 
090 |a SD397.H3  |b I44 1990 
100 1 |a Ilic, J.  |q (Jugoslav),  |d 1950- 
245 1 4 |a The CSIRO macro key for hardwood identification /  |c J. Ilic. 
264 1 |a Highett, Victoria, Australia :  |b Division of Forestry and Forest Products, CSIRO,  |c [1990] 
264 4 |c ©1990 
300 |a 125 pages :  |b illustrations (some color) ;  |c 25 cm. 
336 |a text  |2 rdacontent  |b txt 
337 |a unmediated  |2 rdamedia 
338 |a volume  |2 rdacarrier  |b nc 
504 |a Includes bibliographical references (pages 98-[99]). 
650 0 |a Hardwoods  |v Identification. 
650 0 |a Hardwoods  |x Identification  |x Data processing. 
650 0 |a Wood  |v Identification. 
650 0 |a Wood  |v Identification  |x Data processing. 
710 2 |a Commonwealth Scientific and Industrial Research Organization (Australia).  |b Division of Forest Products. 
740 0 |a Hardwood identification. 
948 |a MOVED FROM WEST CAMPUS LIBRARY REFERENCE TO MSL REF FEBRUARY 2004, ngb, 3/09/2004. 
948 |a Ag/LifeSci 
999 |a MARS 
999 f f |s dfd6e283-ae9d-3624-a1dd-82ab3a2167c4  |i ea95ffa4-b502-3bd2-be99-62e8723b9359  |t 0 
952 f f |p ric  |a Texas A&M University  |b Rellis Campus  |c Joint Library Facility  |d Remote Storage  |t 0  |e SD 397.H3 I28c 1990  |h National Library of Medicine classification  |i unmediated -- volume  |m 3238902726155 
998 f f |a SD 397.H3 I28c 1990  |t 0  |l Remote Storage